00726 a2200193 450000100060000002000180000604000220002410000270004624000270007324500220010030000080012236200090013065000230013994200070016295201140016995201160028395201160039999900170051562270 a9788506034699 cAnchieta - Pituba aVilela, Antonio Carlos10aPapo de famílialpor10aPapo de família a1180 a2002 4aLiteratura juvenil cBK 00104070a91.1b91.1d2023-11-21l0oLJ 028.5 V699p VIL PAPp14995/PITr2023-11-21 18:30:41w2023-11-21yBK 00102udc4070a39.1b39.1d2024-08-13l0o028.5 V699pp5903/CCPr2024-08-13 15:05:24tEx. 1w2024-08-13yBKu 00102udc4070a39.1b39.1d2024-08-13l0o028.5 V699pp5904/CCPr2024-08-13 15:05:24tEx. 2w2024-08-13yBKu c62270d62270